Meranie dopadov regionálnej politiky Európskej únie diplomová práca

Gespeichert in:
Bibliographische Detailangaben
1. Verfasser: Lešková, Alexandra, 1990-
Körperschaft: Národohospodárska fakulta EU. Katedra verejnej správy a regionálneho rozvoja
Weitere Verfasser: Szitásiová, Valéria, 1987-
Format: Buch
Sprache:Slowakisch
Veröffentlicht: Bratislava 2016
Tags: Tag hinzufügen
Keine Tags, Fügen Sie das erste Tag hinzu!

MARC

LEADER 00000nbm a2200000 4500
001 0217917
005 20170214095932.1
041 0 |a slo 
044 |a SK 
245 1 0 |a Meranie dopadov regionálnej politiky Európskej únie  |b diplomová práca  |c Alexandra Lešková ; školiteľ: Valéria Szitásiová 
264 1 |a Bratislava  |c 2016 
300 |a 72 s. 
100 1 |a Lešková, Alexandra, 1990- 
700 1 |a Szitásiová, Valéria, 1987- 
710 2 |a Národohospodárska fakulta EU. Katedra verejnej správy a regionálneho rozvoja